[Event "Eastern Asia-ch U08"]
[Site "Tornelo INT"]
[Date "2021.10.29"]
[Round "9"]
[White "Aryn, Alidar"]
[Black "Khoa, Hoang Anh"]
[Result "1-0"]
[WhiteElo "1042"]
[BlackElo "1233"]
[PlyCount "165"]
[EventDate "2021.10.29"]
[EventType "swiss"]
[EventRounds "9"]
[EventCountry "NET"]
[SourceTitle "EXT 2023"]
[Source "ChessBase"]
[SourceDate "2022.10.05"]
[SourceVersion "1"]
[SourceVersionDate "2022.10.05"]
[SourceQuality "1"]

1. e4 e5 2. Nf3 Nc6 3. d4 exd4 4. Nxd4 Bc5 5. Be3 Qf6 6. c3 Nge7 7. Bc4 0-0 8. 0-0 Qg6 9. Nxc6 Qxc6 10. Bd5 Qb6 11. Bxc5 Qxc5 12. Bb3 d6 13. Re1 Be6 14. Nd2 Nc6 15. Nf3 Ne5 16. Qd4 Nxf3+ 17. gxf3 Qxd4 18. cxd4 Bxb3 19. axb3 a6 20. Rac1 c6 21. e5 d5 22. f4 f6 23. e6 Rfe8 24. f5 g6 25. Rc3 Re7 26. Kh1 gxf5 27. Rg1+ Rg7 28. Rxg7+ Kxg7 29. Rg3+ Kf8 30. Rh3 Kg7 31. Rg3+ Kh8 32. Re3 Re8 33. Kg2 f4 34. Re1 Kg7 35. Kf3 f5 36. Kxf4 Kf6 37. e7 h6 38. Re5 a5 39. Rxf5+ Kg6 40. Re5 Kf6 41. Kg4 c5 42. Rxd5 cxd4 43. Rxd4 Rxe7 44. Rd6+ Kg7 45. Rd2 Re4+ 46. Kf3 Rb4 47. Rd3 Kf6 48. Kg3 a4 49. h4 Kf5 50. bxa4 Rxb2 51. a5 Ra2 52. Rb3 Rxa5 53. Rxb7 Ra3+ 54. f3 Ra1 55. Rb5+ Kg6 56. h5+ Kf6 57. Rc5 Rg1+ 58. Kf4 Rh1 59. Rf5+ Ke6 60. Ra5 Rh4+ 61. Kg3 Rb4 62. Ra6+ Kf5 63. Rxh6 Kg5 64. Rh8 Rb3 65. h6 Rb7 66. f4+ Kg6 67. Kg4 Rh7 68. Rxh7 Kxh7 69. Kf5 Kxh6 70. Kf6 Kh7 71. Kf7 Kh8 72. f5 Kh7 73. f6 Kh8 74. Ke8 Kg8 75. f7+ Kh7 76. f8Q Kg6 77. Ke7 Kh5 78. Qg7 Kh4 79. Kf6 Kh3 80. Kf5 Kh2 81. Kf4 Kh1 82. Kf3 Kh2 83. Qg2# 1-0